01216nam a22002897a 4500003000200000005001700002008000200019010001300021020002600034035002200060037001600082040001500098082001300113100003000126245008300156260004800239270004500287300002400332500005100356650004300407650004200450942002200492999001900514952013600533952012400669952013300793020180727110632.00 aB-159212 c550.00a9788176296472 aB-15921, B-159217 bCen Lib/Ret aDPLbENc0 a323bMOH aMohanty, Jagannath983978 aTeaching of human rights :cby Jagannath Mohantybnew trends and innovations / aNew DelhibDeep and Deep Publicationsc2005 aF-159, Rajouri GardenbNew Delhie110027 axv, 325p.c22cm(Hb) aIncludes bibliographical references and index aHuman rights--Study and teaching95256 aHuman rights--Political aspects95257 2ddccENh323mMOH c123294d123294 00104070aLbLd2015-06-04eCen Lib/Retg550.00l2o323 MOHpB-159212r2026-05-27 16:14:06s2026-05-13t1v550.00w2016-09-15yEN 00104070aLbLd2015-07-29eCen Lib/Retg550.00l0o323 MOHpB-159213r2015-07-29 00:00:00t1v550.00w2015-07-29yEN 00102ddc40708NFICaBL1bBL1d2018-07-27eBPPD/PUBg550.00l0o323 MOHpB-159217r2018-07-27 00:00:00v550.00w2018-07-27yEN